El Santiago que fue. Apuntes de la memoria.
Shranjeno v:
| Glavni avtor: | |
|---|---|
| Format: | Knjiga |
| Jezik: | španščina |
| Izdano: |
Santiago, Chile:
Grijalbo; Biblioteca Nacional de Chile,
1997.
|
| Izdaja: | Primera edición. |
| Serija: | Hojas Nuevas.
|
| Teme: | |
| Oznake: |
Označite
Brez oznak, prvi označite!
|
MARC
| LEADER | 00000cam a2200000 a 4500 | ||
|---|---|---|---|
| 001 | UCC8707 | ||
| 003 | CL-VaPUC | ||
| 005 | 20241021082511.0 | ||
| 008 | 190809t19970000cl |||||||||||||||||spa|d | ||
| 999 | |c 374959 |d 374957 | ||
| 020 | |a 956-258-056-3 | ||
| 040 | |c Pontificia Universidad Católica de Valparaíso | ||
| 082 | 0 | 4 | |a 983.2 PLA 1997 |2 21 |
| 100 | |a Plath, Oreste |e autor |9 306604 | ||
| 245 | 1 | 3 | |a El Santiago que fue. |b Apuntes de la memoria. |
| 250 | |a Primera edición. | ||
| 260 | |a Santiago, Chile: |b Grijalbo; |b Biblioteca Nacional de Chile, |c 1997. | ||
| 300 | |a 331 páginas. | ||
| 490 | 0 | |a Hojas Nuevas. | |
| 500 | |a Müller Leiva, César Octavio. c. Fondo Budge. Donación del Profesor Sr. Eduardo Cavieres. 05-08-2019. | ||
| 583 | |a last modification |c 20190809 11:18:00 |k Rodrigo Vera | ||
| 651 | |a Santiago, Chile |x Vida ycostumbres |9 892481 | ||
| 942 | |c BK |2 ddc | ||
| 945 | |d 20190809 11:18:00 |a dcastane | ||
| 952 | |0 0 |1 0 |3 erb |4 0 |6 983_200000000000000_PLA_1997 |7 0 |8 X |9 493745 |a FDOBUD |b FDOBUD |i 5595223 |o 983.2 PLA 1997 |p 5595223 |r 2019-11-24 |w 2019-11-24 |y BK_X |z Catalogado en:20190809 |k BUD | ||